The 360-degree leader : (Record no. 2506)
[ view plain ]
| 000 -LEADER | |
|---|---|
| fixed length control field | 01454nac a22002651u 4500 |
| 010 ## - LIBRARY OF CONGRESS CONTROL NUMBER | |
| LC control number | 2005028424 |
| 020 ## - INTERNATIONAL STANDARD BOOK NUMBER | |
| International Standard Book Number | 0785260927 (hardcover) |
| 082 00 - DEWEY DECIMAL CLASSIFICATION NUMBER | |
| Classification number | 658.4092 |
| Item number | M4651 |
| 090 ## - LOCALLY ASSIGNED LC-TYPE CALL NUMBER (OCLC); LOCAL CALL NUMBER (OCLC) | |
| -- | 2506 |
| -- | 2506 |
| 100 ## - MAIN ENTRY--PERSONAL NAME | |
| Personal name | Maxwell, John C., |
| 245 14 - TITLE STATEMENT | |
| Title | The 360-degree leader : |
| Remainder of title | developing your influence from anywhere in the organization / |
| Statement of responsibility, etc | John C. Maxwell. |
| 246 3# - VARYING FORM OF TITLE | |
| Title proper/short title | Three hundred sixty-degree leader |
| 260 ## - PUBLICATION, DISTRIBUTION, ETC. (IMPRINT) | |
| Place of publication, distribution, etc | Nashville : |
| Name of publisher, distributor, etc | Nelson Business, |
| Date of publication, distribution, etc | 2005. |
| 300 ## - PHYSICAL DESCRIPTION | |
| Extent | ix, 314 p. : |
| Other physical details | ill. ; |
| Dimensions | 24 cm. |
| 500 ## - GENERAL NOTE | |
| General note | Shuaa. |
| 504 ## - BIBLIOGRAPHY, ETC. NOTE | |
| Bibliography, etc | Includes bibliographical references (p. 309-313). |
| 505 0# - FORMATTED CONTENTS NOTE | |
| Formatted contents note | The myths of leading from the middle of an organization -- The challenges 360-degree leaders face -- The principles 360-degree leaders practice to lead up -- The principles 360-degree leaders practice to lead across -- The principles 360-degree leaders practice to lead down -- The value of 360-degee leaders -- Create an environment that unleashes 360-degree. |
| 650 #0 - SUBJECT ADDED ENTRY--TOPICAL TERM | |
| Topical term or geographic name as entry element | Leadership. |
| 650 #0 - SUBJECT ADDED ENTRY--TOPICAL TERM | |
| Topical term or geographic name as entry element | Organization. |
| 650 #0 - SUBJECT ADDED ENTRY--TOPICAL TERM | |
| Topical term or geographic name as entry element | Executive ability. |
| 856 41 - ELECTRONIC LOCATION AND ACCESS | |
| Materials specified | Table of contents only |
| Uniform Resource Identifier | <a href="http://www.loc.gov/catdir/toc/ecip061/2005028424.html">http://www.loc.gov/catdir/toc/ecip061/2005028424.html</a> |
| 856 41 - ELECTRONIC LOCATION AND ACCESS | |
| Materials specified | Publisher description |
| Uniform Resource Identifier | <a href="http://www.loc.gov/catdir/enhancements/fy0623/2005028424-d.html">http://www.loc.gov/catdir/enhancements/fy0623/2005028424-d.html</a> |
| 942 ## - ADDED ENTRY ELEMENTS (KOHA) | |
| Item type | Book - Borrowing |
| Call number prefix | 658.4092 M4651 |
| Withdrawn status | Item status | Damaged status | Not for loan | Home library | Current library | Shelving location | Date acquired | Source of acquisition | Total Checkouts | Total Renewals | Full call number | Barcode | Date last seen | Date last borrowed | Koha item type |
|---|---|---|---|---|---|---|---|---|---|---|---|---|---|---|---|
| Central Library | Central Library | First floor | 22/02/2007 | Purchase | 12 | 17 | 658.4092 MAX | 000001736 | 15/07/2025 | 28/02/2018 | Book - Borrowing |